书目信息 |
| 题名: |
多媒体使用大全
|
|
| 作者: | 李勇 , 张建敏 译 | |
| 分册: | ||
| 出版信息: | 北京 海洋出版社 1995 |
|
| 页数: | 215页 | |
| 开本: | 26cm | |
| 丛书名: | ||
| 单 册: | ||
| 中图分类: | TP391 | |
| 科图分类: | ||
| 主题词: | 计算机应用 | |
| 电子资源: | ||
| ISBN: | 7-5027-4108-9 | |
| 000 | 00590nam0 2200205 450 | |
| 001 | 0758582937 | |
| 005 | 20070110161735.48 | |
| 010 | @a7-5027-4108-9@dCNY 25.00 | |
| 100 | @a20070110d1995 km y0chiy0120 ea | |
| 101 | 0 | @achi |
| 102 | @aCN@b110000 | |
| 200 | 1 | @a多媒体使用大全@Aduo mei ti shi yong da quan@f李勇,张建敏译@Fli yong,zhang jian min yi |
| 210 | @a北京@c海洋出版社@d1995 | |
| 215 | @a215页@d26cm | |
| 606 | 0 | @a计算机应用 |
| 690 | @aTP391@v3 | |
| 701 | 0 | @a李勇@Ali yong@4译 |
| 701 | 0 | @a张建敏@Azhang jian min@4译 |
| 801 | 0 | @aCN@bNISOFT@c20070110 |
| 905 | @a10447@dTP391@eL309 | |
| 多媒体使用大全/李勇,张建敏译.-北京:海洋出版社,1995 |
| 215页;26cm |
| ISBN 7-5027-4108-9:CNY 25.00 |
| ● |
| 相关链接 |
|
|
|
正题名:多媒体使用大全
索取号:TP391/L309
 
预约/预借
| 序号 | 登录号 | 条形码 | 馆藏地/架位号 | 状态 | 备注 |
| 1 | 444841 | 204448419 | 期刊室512/301自科库 60排2列4层/ [索取号:TP391/L309] | 在馆 |